|
|
|
|
| LEADER |
00000nab a2200000uu 4500 |
| 001 |
vtls010904497 |
| 003 |
SK-MaSNL |
| 005 |
20260303120620.0 |
| 008 |
230131|2001 xo |||||||||||||||||slo| |
| 015 |
|
|
|a SNBRB
|
| 035 |
|
|
|a (urnnbn)urn:nbn:sk:snk:ar-a07spo
|
| 035 |
|
|
|a (uuid)c24a9a13-df84-41c4-a61f-71c9d62dc316
|
| 035 |
|
|
|a urn:nbn:sk:snk-ab8vae
|
| 040 |
|
|
|a SNKBUCL
|b slo
|c SNKBUCL
|e AACR2
|
| 041 |
0 |
|
|a slo
|
| 044 |
|
|
|a xo
|c SK
|
| 100 |
1 |
|
|a Minková, Ľuboslava
|4 aut
|9 13029
|
| 245 |
1 |
0 |
|a VYSLANIE ZAMESTNANCA NA PRACOVNÚ CESTU A STANOVENIE JEJ PODMIENOK
|c Ľuboslava Minková
|
| 773 |
0 |
|
|t Príjmy a mzdy : odborný časopis pre mzdové a personálne útvary
|g Roč. 2, č. 17 (2001), s. 19-21
|
| 954 |
|
|
|a odborná, vedecká literatúra pôvodná (slovenská)
|2 lita
|
| 958 |
|
|
|a OND
|
| 958 |
|
|
|a EUIPO
|
| 958 |
|
|
|a article10
|
| 999 |
|
|
|c 1911213
|d 1913143
|